Biện pháp quản lý phối hợp đào tạo với doanh nghiệp tại trường Cao đẳng nghề Hoàng Diệu TP. Đà Nẵng

Cơ sở lý luận về quản lý phối hợp đào tạo với doanh nghiệp tại trường nghề. Thực trạng quản lý phối hợp đào tạo với doanh nghiệp tại trường Cao đẳng nghề Hoàng Diệu TP. Đà Nẵng. Biện pháp quản lý phối hợp đào tạo với doanh nghiệp tại trường Cao đẳng nghề Hoàng Diệu TP. Đà Nẵng...

Disgrifiad llawn

Wedi'i Gadw mewn:
Manylion Llyfryddiaeth
Prif Awdur: Nguyễn, Thị Thanh Lê
Awduron Eraill: Đặng, Quốc Bảo PGS.TS (Hướng dẫn)
Fformat: Llyfr
Iaith:Vietnamese
Cyhoeddwyd: Đà Nẵng Đại học Đà Nẵng 2012
Cyfres:Luận văn thạc sĩ Giáo dục học . Chuyên ngành: Quản lý giáo dục
Pynciau:
Tagiau: Ychwanegu Tag
Dim Tagiau, Byddwch y cyntaf i dagio'r cofnod hwn!
Thư viện lưu trữ: Mạng thư viện Đại học Đà Nẵng
LEADER 01730nam a2200337 4500
001 000012670
003 8978
005 20120224100258.0
008 120224s2012 viesd
041 |a vie 
072 |a Khóa luận tốt nghiệp 
082 |a 378.1068  |b NG-L 
100 |a Nguyễn, Thị Thanh Lê 
245 |a Biện pháp quản lý phối hợp đào tạo với doanh nghiệp tại trường Cao đẳng nghề Hoàng Diệu TP. Đà Nẵng  |c Nguyễn, Thị Thanh Lê 
260 |a Đà Nẵng  |b Đại học Đà Nẵng  |c 2012 
300 |a 99 tr.  |c 29 cm  |e tóm tắt + đia CD 
490 |a Luận văn thạc sĩ Giáo dục học . Chuyên ngành: Quản lý giáo dục 
500 |a Tham khảo tr.97-99 + phụ lục [16 tr.] 
520 |a Cơ sở lý luận về quản lý phối hợp đào tạo với doanh nghiệp tại trường nghề. Thực trạng quản lý phối hợp đào tạo với doanh nghiệp tại trường Cao đẳng nghề Hoàng Diệu TP. Đà Nẵng. Biện pháp quản lý phối hợp đào tạo với doanh nghiệp tại trường Cao đẳng nghề Hoàng Diệu TP. Đà Nẵng 
653 |a Luận văn thạc sí 
700 |a Đặng, Quốc Bảo  |c PGS.TS  |e Hướng dẫn 
OWN |a LSP 
AVA |a UDN50  |b LSP  |d 378.1068 NG-L  |e available  |t Error 5001 Not defined in file expand_doc_bib_avail.  |f 1  |g 0  |h N  |i 0  |k 1 
999 |a From the UDN01 
AVA |a UDN50  |b LSP  |d 378.1068 NG-L  |e available  |t Error 5001 Not defined in file expand_doc_bib_avail.  |f 1  |g 0  |h N  |i 0  |k 1 
TYP |a Monograph 
TYP |a Printed language 
980 |a Mạng thư viện Đại học Đà Nẵng